| Tag |
First Indicator |
Second Indicator |
Subfields |
| LEADER |
00000cam a2200000 a 4500 |
| 001 |
in00000011646 |
| 005 |
20151007051651.0 |
| 008 |
870209s1987 flu s00010 eng |
| 010 |
|
|
|a 87002093
|
| 020 |
|
|
|a 081300859X (pbk. : alk. paper)
|
| 035 |
|
|
|a (OCoLC)15224237
|
| 035 |
|
|
|9 AAA4190AM
|
| 040 |
|
|
|a DLC
|c DLC
|d TXA
|d UtOrBLW
|
| 049 |
|
|
|a TXAM
|c [A11039598]
|
| 050 |
0 |
0 |
|a PS3569.T3345
|b L4 1987
|
| 082 |
0 |
|
|a 811/.54
|2 19
|
| 100 |
1 |
|
|a Stap, Don.
|
| 245 |
1 |
0 |
|a Letter at the end of winter :
|b poems /
|c by Don Stap.
|
| 264 |
|
1 |
|a Gainesville, Fla. :
|b University Presses of Florida, University of Central Florida Press, Orlando,
|c [1987]
|
| 264 |
|
4 |
|c ©1987
|
| 300 |
|
|
|a 60 pages ;
|c 22 cm.
|
| 336 |
|
|
|a text
|b txt
|2 rdacontent
|
| 337 |
|
|
|a unmediated
|b n
|2 rdamedia
|
| 338 |
|
|
|a volume
|b nc
|2 rdacarrier
|
| 490 |
1 |
|
|a University of Central Florida contemporary poetry series
|
| 830 |
|
0 |
|a Contemporary poetry series (Orlando, Fla.)
|
| 999 |
|
|
|a MARS
|
| 999 |
f |
f |
|s bd1a981b-6784-3e80-85c9-e2a5d0adf857
|i eeb6cb60-4aa6-3692-9417-85b84bfdec7e
|t 0
|
| 952 |
f |
f |
|p ric
|a Texas A&M University
|b Rellis Campus
|c Joint Library Facility
|d Remote Storage
|t 0
|e PS3569.T3345 L4 1987
|h Library of Congress classification
|i unmediated -- volume
|m A14811039598
|
| 998 |
f |
f |
|a PS3569.T3345 L4 1987
|t 0
|l Remote Storage
|